• 首页
  • 本馆介绍
  • 公告通知
  • 最新文献
  • 馆藏检索
  • 电子资源
  • 读者导购
  • 参考咨询
  • 我的图书馆
  • 登录
  • 详细信息显示
  • 放入我的书架
  • 预约/预借图书
  • 作者相关作品
  • 分类相关作品
  • 丛书相关作品
  • 出版社相关作品

书目信息

  • 表格格式
  • 工作单格式
  • 卡片格式
题名:
我是生物学教师
    
 
作者: 夏献平 著
分册:  
出版信息: 广州   广东人民出版社  2021
页数: 340页
开本: 26cm
丛书名:
单 册:
中图分类: G633.912 , G633.91
科图分类:
主题词: 生物课--教学研究--中学
电子资源:
ISBN: 978-7-218-15148-9
000 01029nam0 2200229 450
001 2363006886
005 20231012173023.59
010    @a978-7-218-15148-9@dCNY68.00
100    @a20211013d2021 em y0chiy50 ea
101 0  @achi
102    @aCN@b440000
105    @ay z 000yy
200 1  @a我是生物学教师@Awo shi sheng wu xue jiao shi@f夏献平著
210    @a广州@c广东人民出版社@d2021
215    @a340页@d26cm
330    @a本书是一本论述个人从教经历的作品,详细描写了夏献平老师由农村学生成为省级名师的奋斗历程。夏献平老师勤劳、敬业、爱学生,乐于帮扶年轻老师,是一位亦师亦友的值得人尊敬的“大哥”。在讲述自身奋斗经历的同时,也阐述了自己对于教材、教法和教育的理解,深入浅出,结合自身的生活经历,给出了自己见解,理性讨论中蕴含着教师对学生的关怀和对教育事业的关注,内容丰富,积极向上,对于中学生物教师的专业成长、核心素养都具有重要价值和启示作用。
606 0  @a生物课@x教学研究@x中学
690    @aG633.912@v5
690    @aG633.91@v4
701  0 @a夏献平@Axia xian ping@4著
801  0 @aCN@b91MARC@c20211104
905    @aZUCC@dG633.91@e243
    
    我是生物学教师/夏献平著.-广州:广东人民出版社,2021
    340页;26cm
    
    
    ISBN 978-7-218-15148-9:CNY68.00
    本书是一本论述个人从教经历的作品,详细描写了夏献平老师由农村学生成为省级名师的奋斗历程。夏献平老师勤劳、敬业、爱学生,乐于帮扶年轻老师,是一位亦师亦友的值得人尊敬的“大哥”。在讲述自身奋斗经历的同时,也阐述了自己对于教材、教法和教育的理解,深入浅出,结合自身的生活经历,给出了自己见解,理性讨论中蕴含着教师对学生的关怀和对教育事业的关注,内容丰富,积极向上,对于中学生物教师的专业成长、核心素养都具有重要价值和启示作用。
●
相关链接 在五车中查询图书 在当当中查询图书 在豆瓣中查询图书


正题名:我是生物学教师     索取号:G633.91/243         预约/预借

序号 登录号 条形码 馆藏地/架位号 状态 备注
1 2001015977   2001015977   第四书库/四8架A面4层2列/ [索取号:G633.91/243] 在馆    
2 2001015978   2001015978   第四书库/四8架A面4层2列/ [索取号:G633.91/243] 在馆    
3 2001015979   2001015979   第四书库/四8架A面4层2列/ [索取号:G633.91/243] 在馆    
4 2001015980   2001015980   第四书库/四8架A面4层2列/ [索取号:G633.91/243] 在馆    
5 2001015981   2001015981   第四书库/四8架A面4层2列/ [索取号:G633.91/243] 在馆    
6 2001015982   2001015982   第四书库/四8架A面4层2列/ [索取号:G633.91/243] 在馆    
山东省滨州职业学院图书馆 欢迎您!
大连网信软件有限公司© 版权所有